000 01071aaa a2200265 a 4500
001 78237
003 BD-RjUL
005 20211209083116.0
008 210824s2003 si ||||| |||| 001 0 ara d
020 _a9773421171
035 _a(BD-RjUL)78463
040 _aBD-RjUL
_beng
_cBD-RjUL
041 _aara
082 _223
_a340.59
_bSUT 2003
100 _aسحيمي، أحمد حارس ;; Suhaimi, Ahmed Haris
_9247144
245 _a توثيق السنة بين الشيعة الإمامية وأهل السنة في أحكام الإمامة ونكاح المتعة ; ; tawthiq alsanat bayn alshiyeat al'iimamiat wa'ahl alsunat fi 'ahkam al'iimamat wanikah almutea /
_c Ahmed Haris Suhaimi ;; المؤلف أحمد حارس سحيمي
250 _a2nd.ed. ;; الطلعة الثانية
260 _aالقاهره:
_bدار السلام،
_c2003
300 _a662 p. ;
_c22 p.;
650 _aMarriage (Islamic law)
_9247145
650 _aMuta
_9247146
650 _aHadith
_vEvidences, authority, etc
_9247147
651 _vImamate
_9247148
942 _2ddc
_cBK
999 _c78237
_d78237